| 000 | 00854nam a22002297a 4500 | ||
|---|---|---|---|
| 999 |
_c4431 _d4431 |
||
| 003 | AR-CdUCM | ||
| 008 | 190308b ||||| |||| 00| 0 spa d | ||
| 040 |
_aMUNICIPALIDAD PROVINCIAL DEL CUSCO _cBIBLIOTECA MUNICIPAL DEL CUSCO |
||
| 082 |
_a869.75 / _bN94 |
||
| 100 |
_aNúñez, Felix Armando _913954 |
||
| 245 |
_aFastos del Espíritu : _bEnsayos y discursos |
||
| 260 |
_aCaracas : _bEdiciones del Ministerio de Educación, _c1954. |
||
| 300 |
_a232 páginas ; _c17 cm. |
||
| 440 |
_aBiblioteca popular venezolana _n49 _913955 |
||
| 505 | _aContenido: La cuestión de la forma -- Relectura del Quijote -- A través del Quijote -- Don Francisco de Miranda -- Sarmiento... | ||
| 650 |
_aQuijote _95500 |
||
| 650 |
_aPoesía venezolana _911161 |
||
| 650 |
_aEscuela _91856 |
||
| 650 |
_aArístoteles _913956 |
||
| 942 |
_2ddc _cLIBROS |
||
| 945 | _adavv | ||